000 00588nam a22002177a 4500
003 UA-OsUOA
001 132912
007 ta
008 20180917b un ||||| |||| 00| 0 ukr d
100 _aКостюченко О.
090 _a908
_bК72
942 _cSA
040 _aUA-OsUOA
_bukr
_cUA-OsUOA
_dUA-OsUOA
245 _aІгор Пасічник - "День - це потужне іниелектуальне середовище..."
300 _aС.6
955 _a0
041 _aukr
080 _a908
773 0 _w132910
650 7 _a908 Краєзнавство
_2UDC
999 _c421497
_d421497